[Event "22nd ch-EUR Indiv 2022"]
[Site "Terme Catez SLO"]
[Date "2022.04.06"]
[Round "11.32"]
[White "Ivic, Velimir"]
[Black "Sebenik, Matej"]
[Result "1-0"]
[WhiteTitle "GM"]
[BlackTitle "GM"]
[WhiteElo "2610"]
[BlackElo "2510"]
[WhiteFideId "950122"]
[BlackFideId "14602296"]
[EventDate "2022.03.27"]

1. e4 e6 2. d4 d5 3. Nc3 Bb4 4. e5 c5 5. a3 Bxc3+ 6. bxc3 Ne7 7. Qg4 Qc7 8. Bd3
c4 9. Be2 Qa5 10. Bd2 Nf5 11. a4 Nc6 12. Qf4 Bd7 13. Bg4 O-O 14. Nf3 f6 15. Bxf5
exf5 16. O-O fxe5 17. dxe5 Rae8 18. Rfb1 Nd8 19. Nd4 Bc6 20. h4 Ne6 21. Nxe6
Rxe6 22. Qd4 h6 23. f3 Qd8 24. a5 a6 25. g3 Qe8 26. Bf4 Qe7 27. Kf2 Re8 28. h5
Rd8 29. Ke3 Qe8 30. Rh1 Rd7 31. Kd2 Rf7 32. Rag1 Bd7 33. g4 fxg4 34. fxg4 Qf8
35. Be3 Qb8 36. g5 Qxe5 37. Qxe5 Rxe5 38. gxh6 Re6 39. Rg3 d4 40. cxd4 Kh7 41.
hxg7 Rxg7 42. Rxg7+ Kxg7 43. Rg1+ Kh7 44. Rg3 Bc6 45. h6 Re7 46. Kc3 Be4 47. Bg5
Re8 48. Re3 Kg6 49. Bf4 Re6 50. Rg3+ Kf5 51. h7 Kxf4 52. h8=Q Kxg3 53. Qd8 Bf5
54. Qg5+ Bg4 55. Kxc4 Kf3 56. d5 Re4+ 57. Kc5 Ke2 58. Qg7 Kd2 59. Qxb7 Be2 60.
Qh7 Rc4+ 61. Kb6 Rb4+ 62. Ka7 Rd4 63. Qc7 Rxd5 64. c4 Rd4 65. c5 Bb5 66. c6 Kc3
67. Qg3+ Kb4 68. c7 Bd7 69. Qe5 1-0

[Event "22nd ch-EUR Indiv 2022"]
[Site "Terme Catez SLO"]
[Date "2022.04.06"]
[Round "11.33"]
[White "Bjerre, Jonas Buhl"]
[Black "Vetoshko, Volodymyr"]
[Result "1/2-1/2"]
[WhiteTitle "GM"]
[BlackTitle "GM"]
[WhiteElo "2601"]
[BlackElo "2507"]
[WhiteFideId "1444948"]
[BlackFideId "14122480"]
[EventDate "2022.03.27"]

1. e4 c6 2. d4 d5 3. e5 Bf5 4. Nd2 e6 5. Nb3 Nd7 6. Nf3 Ne7 7. Be2 Nc8 8. a4 Be7
9. a5 a6 10. Bd3 Bg4 11. h3 Bh5 12. g4 Bg6 13. Bxg6 hxg6 14. Be3 Qc7 15. Rc1 b5
16. axb6 Ncxb6 17. Nbd2 Na4 18. Rb1 Rb8 19. Qe2 a5 20. Bg5 Bxg5 1/2-1/2

[Event "22nd ch-EUR Indiv 2022"]
[Site "Terme Catez SLO"]
[Date "2022.04.06"]
[Round "11.34"]
[White "Basso, Pier Luigi"]
[Black "Gharibyan, Mamikon"]
[Result "1/2-1/2"]
[WhiteTitle "GM"]
[BlackTitle "IM"]
[WhiteElo "2600"]
[BlackElo "2479"]
[WhiteFideId "866970"]
[BlackFideId "13308300"]
[EventDate "2022.03.27"]

1. d4 Nf6 2. c4 e6 3. Nf3 d5 4. Nc3 Bb4 5. cxd5 exd5 6. Bg5 h6 7. Bh4 Qd6 8.
Bxf6 Qxf6 9. Qa4+ Nc6 10. e3 a6 11. Ne5 O-O 12. Nxc6 Bxc3+ 13. bxc3 bxc6 14. Be2
Bf5 15. O-O Rfb8 16. c4 Rb2 17. Qd1 Qg6 18. Bh5 Qe6 19. cxd5 cxd5 20. Bf3 Rab8
21. h3 Bc2 22. Qd2 Be4 23. Qd1 Bg6 24. Qa4 Bd3 25. Rfc1 Bc4 26. Qa5 Qb6 27. Qa3
Qb4 28. Qxb4 R8xb4 29. a3 R4b3 30. g4 Kf8 31. Bg2 Rd2 32. Bf1 Bxf1 33. Rxf1 Ke7
34. Rac1 Kd6 35. Rc5 Rb5 36. Rc3 Rb6 37. Rfc1 c6 38. Rc5 Ra2 39. R1c3 g5 40. Kg2
Kd7 41. e4 dxe4 42. Re5 Re2 43. Kf1 Rbb2 44. Rf5 Ke8 45. Rxc6 e3 46. fxe3 Rh2
47. Kg1 Rbg2+ 48. Kf1 Ra2 49. Kg1 Rhg2+ 50. Kf1 Rgb2 51. Kg1 Ra1+ 52. Rf1 Rxa3
53. Rc8+ Kd7 54. Rf8 Rxe3 55. R1xf7+ Kc6 56. Rf6+ Kd5 57. Rxa6 Rg3+ 58. Kf1 Rxh3
59. Rf5+ Ke4 60. Re6+ Kd3 61. Rf2 Rxf2+ 62. Kxf2 Kxd4 63. Kg2 Rh4 1/2-1/2

[Event "22nd ch-EUR Indiv 2022"]
[Site "Terme Catez SLO"]
[Date "2022.04.06"]
[Round "11.35"]
[White "Santos Ruiz, Miguel"]
[Black "Mirzoev, Emil"]
[Result "1/2-1/2"]
[WhiteTitle "GM"]
[BlackTitle "GM"]
[WhiteElo "2597"]
[BlackElo "2475"]
[WhiteFideId "22291482"]
[BlackFideId "14108640"]
[EventDate "2022.03.27"]

1. e4 e6 2. d4 d5 3. Nd2 c5 4. Ngf3 cxd4 5. Nxd4 Nc6 6. Bb5 Bd7 7. Nxc6 bxc6 8.
Bd3 Bd6 9. Qe2 e5 10. c4 d4 11. c5 Bxc5 12. Nc4 Qe7 13. O-O Nf6 14. f4 exf4 15.
Bxf4 Ng4 16. h3 Ne3 17. Nxe3 dxe3 18. Bxe3 O-O 19. Rac1 Bd6 20. Qf2 1/2-1/2

[Event "22nd ch-EUR Indiv 2022"]
[Site "Terme Catez SLO"]
[Date "2022.04.06"]
[Round "11.36"]
[White "Stella, Andrea"]
[Black "Stevic, Hrvoje"]
[Result "1-0"]
[WhiteTitle "GM"]
[BlackTitle "GM"]
[WhiteElo "2444"]
[BlackElo "2587"]
[WhiteFideId "827061"]
[BlackFideId "14502569"]
[EventDate "2022.03.27"]

1. d4 d5 2. c4 dxc4 3. Nf3 Nf6 4. e3 e6 5. Bxc4 a6 6. O-O b5 7. Bd3 c5 8. dxc5
Bxc5 9. a4 bxa4 10. Qxa4+ Nbd7 11. e4 Bb7 12. Nbd2 Qc7 13. e5 Bc6 14. Qf4 Nd5
15. Qg3 Nb4 16. Qxg7 O-O-O 17. Be4 Rdf8 18. Bxc6 Qxc6 19. Qg4 f5 20. exf6 Nxf6
21. Qc4 Rhg8 22. Ra5 Nd7 23. Kh1 Rf5 24. Qe4 Rd5 25. Nb3 Nd3 26. Be3 Bxe3 27.
Qxe3 Rxa5 28. Nxa5 Qd5 29. Nc6 Qxc6 30. Qxd3 Ne5 31. Qxh7 Rxg2 32. Nxe5 1-0

[Event "22nd ch-EUR Indiv 2022"]
[Site "Terme Catez SLO"]
[Date "2022.04.06"]
[Round "11.37"]
[White "Wagner, Dennis"]
[Black "Sahidi, Samir"]
[Result "1-0"]
[WhiteTitle "GM"]
[BlackTitle "IM"]
[WhiteElo "2584"]
[BlackElo "2432"]
[WhiteFideId "24650684"]
[BlackFideId "14936372"]
[EventDate "2022.03.27"]

1. d4 Nf6 2. c4 e6 3. Nf3 d5 4. g3 Be7 5. Bg2 O-O 6. O-O c6 7. Qc2 Nbd7 8. Nbd2
b6 9. e4 dxc4 10. Nxc4 Ba6 11. Rd1 Rc8 12. b3 Re8 13. Bf4 h6 14. Nd6 Bxd6 15.
Bxd6 Nf8 16. e5 Nd5 17. Nd2 Be2 18. Re1 Bh5 19. Nc4 Bg6 20. Qd2 b5 21. Na5 Qb6
22. b4 Nd7 23. Rac1 Qa6 24. h4 N7b6 25. Qe2 h5 26. Bf3 Ne7 27. Bxh5 Bxh5 28.
Qxh5 Nc4 29. Nxc4 bxc4 30. Qe2 Nf5 31. Bc5 Red8 32. Qxc4 Qa4 33. h5 Rb8 34. Red1
Rb7 35. Qc2 Qa6 36. Rd3 Rbd7 37. Rcd1 Ne7 38. Kg2 Nd5 39. Qd2 Kh7 40. Rf3 Rh8
41. Rh1 Kg8 42. h6 g6 43. h7+ Rxh7 44. Rxh7 Kxh7 45. g4 f5 46. Rh3+ Kg8 47. Qh6
Nf4+ 48. Qxf4 Qe2 49. Qh6 1-0

[Event "22nd ch-EUR Indiv 2022"]
[Site "Terme Catez SLO"]
[Date "2022.04.06"]
[Round "11.38"]
[White "Stoyanov, Tsvetan"]
[Black "Livaic, Leon"]
[Result "0-1"]
[WhiteTitle "IM"]
[BlackTitle "IM"]
[WhiteElo "2424"]
[BlackElo "2563"]
[WhiteFideId "2917173"]
[BlackFideId "14531534"]
[EventDate "2022.03.27"]

1. e4 c5 2. Nf3 e6 3. d4 cxd4 4. Nxd4 a6 5. c4 Nf6 6. Nc3 Qc7 7. a3 b6 8. Be3
Bb7 9. f3 d6 10. Rc1 Nbd7 11. Be2 Be7 12. O-O O-O 13. b4 Rac8 14. Qd2 Rfe8 15.
Kh1 Qb8 16. Rc2 h5 17. Nb3 h4 18. Rg1 g6 19. Bg5 h3 20. Qf4 hxg2+ 21. Rxg2 d5
22. Qxb8 Rxb8 23. exd5 exd5 24. cxd5 Nxd5 25. Nxd5 Bxd5 26. Nd4 b5 27. Bxe7 Rxe7
28. Rg5 Nb6 29. Kg1 Rbe8 30. Kf2 Bc4 31. Bxc4 Nxc4 32. a4 Ne3 33. Rc1 Rd7 34.
Nc6 Rd2+ 35. Kg1 Nf5 36. axb5 axb5 37. Rg2 Nh4 38. Rxd2 Nxf3+ 39. Kf2 Nxd2 40.
Nd4 Re5 41. Rc2 Ne4+ 42. Kg2 Rd5 43. Nc6 Kg7 44. h4 Rh5 45. Nd4 Rxh4 46. Nxb5
Nf6 47. Nd6 Rd4 48. Rc6 Ne4 49. Nc4 Nd2 50. Nd6 Rxb4 51. Rc7 Rf4 52. Kg3 g5 53.
Rc5 Kg6 54. Re5 Nc4 0-1

[Event "22nd ch-EUR Indiv 2022"]
[Site "Terme Catez SLO"]
[Date "2022.04.06"]
[Round "11.39"]
[White "Beydullayeva, Govhar"]
[Black "Meshkovs, Nikita"]
[Result "1-0"]
[WhiteTitle "WIM"]
[BlackTitle "GM"]
[WhiteElo "2308"]
[BlackElo "2561"]
[WhiteFideId "13413015"]
[BlackFideId "11602740"]
[EventDate "2022.03.27"]

1. d4 Nf6 2. c4 c5 3. d5 g6 4. Nc3 Bg7 5. e4 d6 6. Nf3 O-O 7. Be2 e6 8. O-O Na6
9. h3 Nc7 10. dxe6 Nxe6 11. Be3 b6 12. Qc2 Bb7 13. Rad1 Qb8 14. Rfe1 Rd8 15. Bf1
Nd7 16. Nd5 Ne5 17. Nh2 Bxd5 18. cxd5 Nc7 19. f4 Nd7 20. Nf3 Qb7 21. g4 b5 22.
Bg2 Nb6 23. Qf2 Qa6 24. a3 Re8 25. e5 Ncxd5 26. Bc1 Rad8 27. Ng5 dxe5 28. fxe5
Qb7 29. e6 fxe6 30. Nxe6 Qf7 31. Qxf7+ Kxf7 32. Nxd8+ Rxd8 33. Be3 Bxb2 34. Bxc5
Rc8 35. Bd6 Nc3 36. Rd2 Nc4 37. Rf2+ Kg8 38. Bb7 Rd8 39. Bb4 a5 40. Be7 Rd2 41.
Rxd2 Nxd2 42. g5 b4 43. axb4 a4 44. Bf6 a3 45. Re8+ Kf7 46. Ra8 Nde4 47. Bxe4
Nxe4 48. b5 h6 49. b6 Nxf6 50. b7 Nd7 51. gxh6 Be5 52. h7 a2 53. Rxa2 Kg7 54.
Re2 Bf6 55. Re6 Bd4+ 56. Kg2 1-0

[Event "22nd ch-EUR Indiv 2022"]
[Site "Terme Catez SLO"]
[Date "2022.04.06"]
[Round "11.40"]
[White "Dardha, Daniel"]
[Black "Salimova, Nurgyul"]
[Result "0-1"]
[WhiteTitle "GM"]
[BlackTitle "IM"]
[WhiteElo "2540"]
[BlackElo "2399"]
[WhiteFideId "240990"]
[BlackFideId "2915138"]
[EventDate "2022.03.27"]

1. d4 d5 2. c4 e6 3. Nc3 c6 4. e3 Nf6 5. b3 Nbd7 6. Bb2 b6 7. Nf3 Be7 8. Qc2 O-O
9. Rd1 Bb7 10. Bd3 Qc7 11. O-O Rad8 12. Rfe1 Rfe8 13. Qb1 h6 14. Bf1 a6 15. g3
b5 16. cxd5 cxd5 17. Rc1 Qb8 18. Bg2 Rc8 19. Ne2 a5 20. Nf4 b4 21. h4 Ne4 22.
Bh3 Bd6 23. Qa1 Rxc1 24. Rxc1 g5 25. hxg5 hxg5 26. Nd3 Bxg3 27. fxg3 Qxg3+ 28.
Bg2 Ba6 29. Nc5 Qf2+ 30. Kh1 Ng3+ 31. Kh2 Kg7 32. Nxg5 Rh8+ 33. Nh3 Nf6 34. Rg1
Ng4# 0-1

[Event "22nd ch-EUR Indiv 2022"]
[Site "Terme Catez SLO"]
[Date "2022.04.06"]
[Round "11.41"]
[White "Stefansson, Hannes"]
[Black "Ben Ari, Yannay"]
[Result "1/2-1/2"]
[WhiteTitle "GM"]
[BlackTitle "FM"]
[WhiteElo "2520"]
[BlackElo "2417"]
[WhiteFideId "2300087"]
[BlackFideId "2815222"]
[EventDate "2022.03.27"]

1. e4 c5 2. Nf3 d6 3. d4 cxd4 4. Nxd4 Nf6 5. Nc3 a6 6. Be2 e5 7. Nb3 Be7 8. O-O
O-O 9. Re1 Be6 10. Bf3 Qc7 11. a4 Rc8 12. Be3 Nbd7 13. Nd2 Qc6 14. Nf1 Bd8 15.
Ng3 Ba5 16. Bd2 Qc7 17. Nf5 Re8 18. Ne3 Bb6 19. g4 h6 20. h4 Qd8 21. Kg2 Nf8 22.
h5 N8h7 23. Kg3 Rc8 24. Bg2 Bxe3 25. Bxe3 Bxg4 26. Bf3 Nxh5+ 27. Kg2 Bxf3+ 28.
Qxf3 Qh4 29. Rh1 Nf4+ 30. Bxf4 Qxf4 31. Qxf4 exf4 32. Rh4 Nf6 33. Rxf4 Rc4 34.
Rd1 Re6 35. f3 d5 36. exd5 Rxf4 37. dxe6 fxe6 38. Rd6 Kf7 39. Rb6 Rd4 40. Rxb7+
Kg6 41. Rb6 Rd2+ 42. Kf1 Rxc2 43. Rxa6 Rxb2 44. Rxe6 Kf5 45. Re7 g5 46. Ne4 Nd5
47. Rf7+ Ke5 48. Ke1 Rb6 49. Kf2 Rb2+ 50. Ke1 Ra2 51. Rh7 g4 52. Rxh6 gxf3 53.
Nd2 f2+ 54. Kxf2 Rxd2+ 55. Kf3 Rd3+ 56. Kf2 Ra3 57. Rh8 Rxa4 58. Re8+ Kd4 59.
Kf3 Ra3+ 60. Kf2 Nf6 61. Rd8+ Ke4 62. Ke2 Rh3 63. Kd2 Nd5 64. Re8+ Kd4 65. Ke2
Nc3+ 66. Ke1 Rh2 67. Rd8+ Ke3 68. Re8+ Ne4 69. Kd1 Ra2 70. Re7 Kd4 71. Rd7+ Kc4
72. Ke1 Kc3 73. Rd8 Rh2 74. Rd7 Kc2 75. Rc7+ Nc3 76. Rd7 1/2-1/2

[Event "22nd ch-EUR Indiv 2022"]
[Site "Terme Catez SLO"]
[Date "2022.04.06"]
[Round "11.42"]
[White "Samadov, Read"]
[Black "Budisavljevic, Luka"]
[Result "1-0"]
[WhiteTitle "FM"]
[BlackTitle "GM"]
[WhiteElo "2375"]
[BlackElo "2519"]
[WhiteFideId "13417444"]
[BlackFideId "960047"]
[EventDate "2022.03.27"]

1. d4 Nf6 2. c4 c5 3. d5 b5 4. cxb5 a6 5. e3 axb5 6. Bxb5 Qa5+ 7. Nc3 Bb7 8. Bd2
Qb6 9. Nf3 Nxd5 10. a4 e6 11. O-O Be7 12. e4 Nxc3 13. Bxc3 O-O 14. Ne5 d5 15.
exd5 exd5 16. Qg4 Bf6 17. Rfe1 Ba6 18. Bxa6 Rxa6 19. b4 cxb4 20. Bxb4 h5 21. Qf4
Re8 22. Nf3 Re4 23. Rxe4 dxe4 24. Qxe4 Bxa1 25. Ng5 g6 26. Qe8+ Kg7 27. Qxf7+
Kh6 28. Bf8+ Kxg5 29. h4+ Kg4 30. Qf3+ Kxh4 31. Qg3# 1-0

[Event "22nd ch-EUR Indiv 2022"]
[Site "Terme Catez SLO"]
[Date "2022.04.06"]
[Round "11.43"]
[White "Sivuk, Vitaly"]
[Black "Uruci, Endrit"]
[Result "1-0"]
[WhiteTitle "GM"]
[BlackTitle "FM"]
[WhiteElo "2518"]
[BlackElo "2304"]
[WhiteFideId "14116502"]
[BlackFideId "22100199"]
[EventDate "2022.03.27"]

1. c4 e5 2. Nc3 Nf6 3. g3 Bb4 4. Bg2 O-O 5. Nf3 e4 6. Ng5 Bxc3 7. bxc3 Re8 8. f3
exf3 9. Nxf3 d6 10. O-O Qe7 11. e3 Nc6 12. Nd4 Bd7 13. d3 Rab8 14. Rb1 h6 15.
Rb2 Bg4 16. Qc2 Qd7 17. Qb1 Nxd4 18. cxd4 Bh3 19. e4 Bxg2 20. Kxg2 c5 21. Bxh6
Ng4 22. Bf4 cxd4 23. Rb5 Re6 24. Qb2 a6 25. Rg5 Ne5 26. Qxd4 f6 27. Rf5 g6 28.
Bxe5 gxf5 29. Bxf6 fxe4 30. Qd5 Qf7 31. Qg5+ Kf8 32. Bg7+ Ke8 33. Rxf7 Kxf7 34.
Qf5+ Ke7 35. dxe4 Re8 36. e5 dxe5 37. Bxe5 Kd8 38. Bf4 Re2+ 39. Kf3 Rxh2 40.
Qd5+ Ke7 41. Qxb7+ 1-0

[Event "22nd ch-EUR Indiv 2022"]
[Site "Terme Catez SLO"]
[Date "2022.04.06"]
[Round "11.44"]
[White "Zelcic, Robert"]
[Black "Milikow, Yoav"]
[Result "1/2-1/2"]
[WhiteTitle "GM"]
[BlackTitle "FM"]
[WhiteElo "2513"]
[BlackElo "2349"]
[WhiteFideId "14500310"]
[BlackFideId "2822237"]
[EventDate "2022.03.27"]

1. e4 e5 2. Nf3 Nc6 3. Bb5 Nf6 4. O-O Nxe4 5. d4 Nd6 6. dxe5 Nxb5 7. a4 Nbd4 8.
Nxd4 d5 9. Nxc6 bxc6 10. Qd3 a5 11. Nd2 Be7 12. Qg3 O-O 13. Nb3 Bf5 14. Qc3 Qd7
15. Nc5 Qe8 16. Re1 Qb8 17. Nd3 Bb4 18. Nxb4 Qxb4 19. Qxb4 axb4 20. c3 bxc3 21.
bxc3 Ra5 22. f3 Rfa8 23. g4 Bc2 24. e6 fxe6 25. Rxe6 Rxa4 26. Rxa4 Rxa4 27. Bd2
Bd1 28. Re8+ Kf7 29. Rc8 Bxf3 30. Rxc7+ Kg8 31. h3 Ra2 32. Bf4 Rg2+ 33. Kf1 Rc2
34. Be5 Bg2+ 35. Ke1 Bxh3 36. g5 Bf5 37. Bxg7 Bg6 38. Bh6 Rxc3 39. Kd2 d4 40.
Rg7+ Kh8 41. Rd7 Rd3+ 42. Kc1 Kg8 43. Rg7+ Kh8 44. Rd7 Kg8 45. Rg7+ Kh8 46. Rd7 1/2-1/2

[Event "22nd ch-EUR Indiv 2022"]
[Site "Terme Catez SLO"]
[Date "2022.04.06"]
[Round "11.45"]
[White "Donchenko, Alexander"]
[Black "Kjartansson, Gudmundur"]
[Result "1/2-1/2"]
[WhiteTitle "GM"]
[BlackTitle "GM"]
[WhiteElo "2636"]
[BlackElo "2450"]
[WhiteFideId "24603295"]
[BlackFideId "2301318"]
[EventDate "2022.03.27"]

1. e4 c5 2. Nf3 d6 3. Bb5+ Nd7 4. O-O a6 5. Bd3 Ngf6 6. c3 b5 7. Re1 e6 8. Bc2
c4 9. a4 Bb7 10. d4 cxd3 11. Qxd3 Nc5 12. Qe2 bxa4 13. Be3 Nfd7 14. Bd4 e5 15.
Bxc5 Nxc5 16. Rd1 Qc7 17. Qc4 Rc8 18. Nbd2 Bc6 19. Nf1 Be7 20. Ne3 O-O 21. Nd5
Qb7 22. Ra2 Rb8 23. Qe2 Rfc8 24. h3 Bb5 25. c4 Bc6 26. Nd2 Bxd5 27. cxd5 Qb5 28.
Qg4 g6 29. Rda1 Qb4 30. Nf1 h5 31. Qf3 Bg5 32. Qe2 Qb5 33. Qe1 Qc4 34. Qd1 a3
35. bxa3 Nxe4 36. Bd3 Qxd5 37. Bxe4 Qxe4 38. Qxd6 Rb1 39. Re2 Qxe2 40. Rxb1 Rc2
41. Rb8+ Kh7 42. Rh8+ Kxh8 43. Qf8+ Kh7 44. Qxf7+ Kh8 45. Qf8+ Kh7 46. Qf7+ Kh8 1/2-1/2

[Event "22nd ch-EUR Indiv 2022"]
[Site "Terme Catez SLO"]
[Date "2022.04.06"]
[Round "11.46"]
[White "Parkhov, Yair"]
[Black "Vocaturo, Daniele"]
[Result "0-1"]
[WhiteTitle "IM"]
[BlackTitle "GM"]
[WhiteElo "2450"]
[BlackElo "2614"]
[WhiteFideId "2813408"]
[BlackFideId "813192"]
[EventDate "2022.03.27"]

1. d4 Nf6 2. c4 e6 3. g3 d5 4. Bg2 Bb4+ 5. Bd2 a5 6. Nf3 O-O 7. Qc2 c5 8. cxd5
cxd4 9. Nxd4 Qb6 10. e3 exd5 11. O-O Nc6 12. Nxc6 bxc6 13. Rc1 Rb8 14. Bxb4 Qxb4
15. b3 Be6 16. Nc3 c5 17. Ne2 Rfc8 18. Nf4 c4 19. Nxe6 fxe6 20. bxc4 Rxc4 21.
Qe2 Rbc8 22. Rxc4 dxc4 23. Bh3 Rc6 24. Bg2 Rc7 25. Qc2 c3 26. Rb1 Qd6 27. Rd1
Qe5 28. Rd3 g6 29. Bf3 Kg7 30. Kg2 Qf5 31. e4 Qc5 32. Rd1 e5 33. Rc1 Nd7 34. Bg4
Nb6 35. Rd1 Qc6 36. Rd8 h5 37. Bf3 Nd7 38. h4 Nf8 39. Rd5 Ne6 40. Qc1 Nd4 41.
Bxh5 Qf6 42. Bg4 c2 43. Rxa5 Rf7 44. f3 Nxf3 45. Rc5 Nd4 46. Qe1 Qa6 47. Qa1 Qb7
48. Rxe5 Qb1 49. Qxd4 Qf1+ 0-1

[Event "22nd ch-EUR Indiv 2022"]
[Site "Terme Catez SLO"]
[Date "2022.04.06"]
[Round "11.47"]
[White "Moiseenko, Alexander"]
[Black "Godena, Michele"]
[Result "1/2-1/2"]
[WhiteTitle "GM"]
[BlackTitle "GM"]
[WhiteElo "2602"]
[BlackElo "2442"]
[WhiteFideId "14102560"]
[BlackFideId "800090"]
[EventDate "2022.03.27"]

1. d4 d5 2. c4 dxc4 3. e3 e5 4. Bxc4 exd4 5. exd4 Bd6 6. Nf3 Nf6 7. Qe2+ Qe7 8.
Qxe7+ Bxe7 9. O-O Be6 10. Bxe6 fxe6 11. Re1 Nc6 12. Rxe6 Rd8 13. Nc3 Nxd4 14.
Nxd4 Rxd4 15. Be3 Rd7 16. Bc5 Kf7 17. Rxe7+ Rxe7 18. Bxe7 Kxe7 19. Re1+ Kd7 20.
f3 c5 21. Kf2 Re8 22. Rxe8 Nxe8 23. g4 Nd6 24. f4 Ke6 25. Kf3 b6 26. Ne4 Nf7 27.
h4 h6 28. h5 Kd5 29. Ke3 Ke6 30. a4 Kd5 31. b3 a6 32. Kd3 Nd8 33. Nc3+ Ke6 34.
Ke4 Nb7 35. f5+ Kf6 36. Kf4 b5 37. Ne4+ Ke7 38. Ke5 c4 39. axb5 axb5 40. b4 Nd6
41. Nc3 Ne8 42. Kd5 Nf6+ 43. Kc6 Nxg4 44. Nd5+ Kd8 45. Kxb5 Nf6 46. Kxc4 Nxh5
47. b5 Ng3 48. f6 gxf6 49. Nxf6 Kc7 50. Kc5 1/2-1/2

[Event "22nd ch-EUR Indiv 2022"]
[Site "Terme Catez SLO"]
[Date "2022.04.06"]
[Round "11.48"]
[White "Thybo, Jesper Sondergaard"]
[Black "Tutisani, Noe"]
[Result "1-0"]
[WhiteTitle "GM"]
[BlackTitle "IM"]
[WhiteElo "2590"]
[BlackElo "2442"]
[WhiteFideId "1438832"]
[BlackFideId "13602853"]
[EventDate "2022.03.27"]

1. Nf3 Nf6 2. c4 g6 3. Nc3 Bg7 4. d4 O-O 5. e4 d6 6. Be2 e5 7. O-O Bg4 8. dxe5
Bxf3 9. exf6 Bxe2 10. Qxe2 Qxf6 11. Nd5 Qd8 12. Bf4 Nd7 13. Rad1 Re8 14. Rfe1 a5
15. Qd2 Nc5 16. f3 c6 17. Nc3 Be5 18. b3 Qb6 19. Be3 Qb4 20. Ne2 f5 21. exf5
Qxd2 22. Rxd2 gxf5 23. Kf2 Re7 24. Bg5 Rg7 25. Bf4 Re8 26. Ng3 Rf7 27. Rxd6 Ne4+
28. Nxe4 fxe4 29. Bxe5 Rxe5 30. Rd4 Rh5 31. Rexe4 Rxh2 32. Re8+ Kg7 33. Rg4+ 1-0

[Event "22nd ch-EUR Indiv 2022"]
[Site "Terme Catez SLO"]
[Date "2022.04.06"]
[Round "11.49"]
[White "Davtyan, Artur"]
[Black "Gagunashvili, Merab"]
[Result "1/2-1/2"]
[WhiteTitle "IM"]
[BlackTitle "GM"]
[WhiteElo "2460"]
[BlackElo "2575"]
[WhiteFideId "13308327"]
[BlackFideId "13601652"]
[EventDate "2022.03.27"]

1. d4 Nf6 2. c4 e6 3. Nf3 d5 4. Nc3 Be7 5. Bf4 O-O 6. e3 Nbd7 7. a3 c5 8. cxd5
Nxd5 9. Nxd5 exd5 10. dxc5 Nxc5 11. Be5 Bf6 12. Be2 Bg4 13. Bxf6 Qxf6 14. Qd4
Ne4 15. Qxf6 Nxf6 16. Nd4 Bxe2 17. Kxe2 Rfc8 18. Rac1 g6 19. Nb5 Rc6 20. Nd4
Rcc8 21. f3 a6 22. Nb3 b6 23. Kd3 Kf8 24. Kd4 Ke7 25. Ke5 Rc4 26. Nd2 Rc5 27. b4
Rcc8 28. g4 a5 29. Nb3 axb4 30. axb4 Rc4 31. Rxc4 dxc4 32. Nd4 Rc8 33. g5 Ne8
34. Kd5 Kd7 35. h4 Nd6 36. e4 c3 37. Rc1 b5 38. e5 Nf5 39. Nxb5 c2 40. Nd4 Rc3
41. Nxf5 gxf5 42. b5 Rb3 43. Kc5 Rc3+ 44. Kb4 Rc8 45. f4 Ke6 46. Kb3 Rc5 47.
Rxc2 Rxb5+ 48. Kc4 Rb1 49. Kd4 Kd7 50. Ra2 Rb4+ 51. Ke3 Rb3+ 52. Kf2 Rh3 53. Ra6
Rxh4 54. Kg3 Rg4+ 55. Kf3 Rh4 56. Rf6 Ke7 57. Ke3 Rh3+ 58. Kd4 Rh4 59. Rxf5 h6
60. Ke4 Rh3 61. Kd4 Rh4 62. Ke3 hxg5 63. Rxg5 f6 64. Rg7+ Kf8 65. exf6 Rh6 66.
Ra7 Rxf6 67. Ke4 Rb6 68. f5 Rb5 69. Kf4 Rb6 70. Kg5 Rc6 71. f6 Rc1 1/2-1/2

[Event "22nd ch-EUR Indiv 2022"]
[Site "Terme Catez SLO"]
[Date "2022.04.06"]
[Round "11.50"]
[White "Alonso Rosell, Alvar"]
[Black "Haring, Filip"]
[Result "1-0"]
[WhiteTitle "GM"]
[BlackTitle "FM"]
[WhiteElo "2565"]
[BlackElo "2425"]
[WhiteFideId "2270544"]
[BlackFideId "14933080"]
[EventDate "2022.03.27"]

1. d4 Nf6 2. c4 e6 3. Nf3 d5 4. g3 dxc4 5. Bg2 a6 6. O-O Nc6 7. Nbd2 b5 8. b3 c3
9. Nb1 b4 10. a3 Rb8 11. axb4 Bxb4 12. Qd3 O-O 13. Nxc3 e5 14. Bb2 Nxd4 15. Nxe5
Re8 16. Nd5 Bb7 17. Nxf6+ gxf6 18. Bxb7 Rxb7 19. Bxd4 fxe5 20. Qxa6 Qd5 21. Be3
Bc3 22. Rad1 Bd4 23. Qa4 Qb5 24. Bxd4 exd4 25. Qxd4 Qxe2 26. Qc3 Qe5 27. Qc4 Qe6
28. Rd5 Reb8 29. Rg5+ Kh8 30. Qd4+ f6 31. Rd1 Re8 32. Rc5 Kg8 33. b4 Re7 34. Qc3
Ra7 35. Rc6 Qe5 36. Qc4+ Kg7 37. Rd4 h5 38. Rd1 Ra1 39. Rxa1 Qxa1+ 40. Kg2 Qe5
41. Rc5 Qd6 42. Rxh5 Qd7 43. Rh4 f5 44. Rd4 1-0

[Event "22nd ch-EUR Indiv 2022"]
[Site "Terme Catez SLO"]
[Date "2022.04.06"]
[Round "11.51"]
[White "Dragnev, Valentin"]
[Black "Krastev, Alexander"]
[Result "0-1"]
[WhiteTitle "GM"]
[BlackTitle "FM"]
[WhiteElo "2546"]
[BlackElo "2409"]
[WhiteFideId "1634852"]
[BlackFideId "12989983"]
[EventDate "2022.03.27"]

1. e4 c5 2. Nf3 e6 3. d4 cxd4 4. Nxd4 Nf6 5. Nc3 Nc6 6. Nxc6 bxc6 7. e5 Nd5 8.
Ne4 Bb7 9. Be2 c5 10. O-O Qc7 11. c4 Ne3 12. Bxe3 Bxe4 13. Bf4 g5 14. Bg3 Qb7
15. f3 Bc6 16. Qd2 Be7 17. f4 Bxg2 18. Rf2 Be4 19. fxg5 Rg8 20. h4 h6 21. Qf4
O-O-O 22. gxh6 f5 23. Bh5 Qc7 24. Kh2 Rh8 25. Bg6 Rdg8 26. h5 Qd8 27. Qe3 Bg5
28. Qxc5+ Bc6 29. h7 Rxg6 30. hxg6 Qe8 31. Rg2 Be7 32. Qxa7 Qxg6 33. Kg1 f4 34.
Qf2 fxg3 35. Qxg3 Qxh7 36. Kf1 Qe4 37. Re1 Qxg2+ 38. Qxg2 Bxg2+ 39. Kxg2 Rh4 40.
b3 Rf4 41. Kg3 Rf5 42. c5 Bd8 43. Rc1 Rxe5 0-1

[Event "22nd ch-EUR Indiv 2022"]
[Site "Terme Catez SLO"]
[Date "2022.04.06"]
[Round "11.52"]
[White "Teclaf, Pawel"]
[Black "Dobrovoljc, Vid"]
[Result "1/2-1/2"]
[WhiteTitle "IM"]
[BlackTitle "FM"]
[WhiteElo "2542"]
[BlackElo "2406"]
[WhiteFideId "1185934"]
[BlackFideId "14609843"]
[EventDate "2022.03.27"]

1. Nf3 d5 2. g3 Nf6 3. Bg2 e6 4. O-O c5 5. d3 Nc6 6. Nbd2 Be7 7. e4 O-O 8. Re1
b5 9. exd5 Nxd5 10. c4 bxc4 11. dxc4 Ndb4 12. Ne5 Bb7 13. a3 1/2-1/2